000 nam a22 7a 4500
999 _c17686
_d17686
008 161128b xxu||||| |||| 00| 0 eng d
020 _a9789966250476
040 _aMU LIB
050 _aK3.0713
_b.BR 2012
100 _aBR Professional
245 _aATC introduction to law (study text) :
_bPaper No. 2 /
_cBR Professional Education
260 _aNairobi :
_bBR Professional Education Ltd.,
_c2013.
300 _axiv, 324p. :
_c30 cm.
650 _aBusiness law.
942 _2lcc
_cSH_L_BOOKS
_hK3.0713 .BR 2012
_026